Normal view MARC view

Entry Personal Name

Number of records used in: 6

001 - CONTROL NUMBER

  • control field: 26606

003 - CONTROL NUMBER IDENTIFIER

  • control field: dpl

005 - DATE AND TIME OF LATEST TRANSACTION

  • control field: 20110315142438.0

008 - FIXED-LENGTH DATA ELEMENTS

  • fixed length control field: 110315|||a|||||| | ||| d

040 ## - CATALOGING SOURCE

  • Original cataloging agency: dpl
  • Transcribing agency: dpl

100 ## - HEADING--PERSONAL NAME

  • Personal name: Tight, Malcolm

670 ## - SOURCE DATA FOUND

  • Source citation: Work cat.: (dpl)0: Blaxter, Loraine 1945- 26603, How to research /, 2010

670 ## - SOURCE DATA FOUND

  • Source citation: Work cat.: (dpl)0: Blaxter, Loraine 1945- 26603, How to research /, 2010

© Delhi Public Library
Hit Counter
free hit counter